Conserve and save (Record no. 110122)

MARC details
000 -LEADER
fixed length control field 01984cad a22002415a 4500
001 - CONTROL NUMBER
control field E148601
008 - FIXED-LENGTH DATA ELEMENTS--GENERAL INFORMATION
fixed length control field 091012s2009 xxk f s000 0 eng d
020 ## - INTERNATIONAL STANDARD BOOK NUMBER
International Standard Book Number 9780755991051
035 ## - SYSTEM CONTROL NUMBER
System control number (Sirsi) u148601
041 0# - LANGUAGE CODE
Language code of text/sound track or separate title eng
050 04 - LIBRARY OF CONGRESS CALL NUMBER
Classification number 333.72 $2 18
110 2# - MAIN ENTRY--CORPORATE NAME
Corporate name or jurisdiction name as entry element Scotland
Subordinate unit Scottish Government
9 (RLIN) 5344
245 00 - TITLE STATEMENT
Title Conserve and save
Remainder of title a consultation on the Energy Efficiency Action Plan for Scotland
Medium [electronic resource]
260 ## - PUBLICATION, DISTRIBUTION, ETC.
Place of publication, distribution, etc. Edinburgh
Name of publisher, distributor, etc. Scottish Government
Date of publication, distribution, etc. 2009
505 2# - FORMATTED CONTENTS NOTE
Formatted contents note Introduction and srategic context -- Current trends in energy usage -- Barriers to improving energy efficiency and reducing energy consumption -- Energy efficiency targets & issues around data and monitoring -- Changing attitudes and behaviours -- Making Scotland's homes more energy efficient, strategic issues -- Making Scotland's existing homes more energy efficient, the role of the regulatory standards for housing: options for the private rented sector; future options for the Home Energy Conservation Act -- Energy efficiency in non-domestic buildings and processes -- The public sector -- Cross-cutting issues relating to the built environment -- Changing how we use our transport system -- Enterprise and skills: part 1: innovation, investment and opportunity; part 2: developing skills and jobs in energy efficiency -- Key partners and responsibilities -- Conclusions and next steps
520 ## - SUMMARY, ETC.
Summary, etc. A wide-ranging consultation on the Energy Efficiency Plan for Scotland, which seeks views on current and proposed activity, and discusses issues relating to energy efficiency and associated economic and climate change challenges. Deadline for comments is 5 January 2010.
521 ## - TARGET AUDIENCE NOTE
Target audience note Advanced
590 ## - LOCAL NOTE (RLIN)
Local note KA
651 #4 - SUBJECT ADDED ENTRY--GEOGRAPHIC NAME
Geographic name Scotland
Chronological subdivision 1999-
690 ## - LOCAL SUBJECT ADDED ENTRY--TOPICAL TERM (OCLC, RLIN)
Topical term or geographic name as entry element ENVIRONMENTAL AND LAND CONSULTANCY-ENERGY-ENERGY USE-ENERGY EFFICIENCY
856 40 - ELECTRONIC LOCATION AND ACCESS
Uniform Resource Identifier <a href="https://www.scotland.gov.uk/Publications/2009/10/07160816">https://www.scotland.gov.uk/Publications/2009/10/07160816</a>
Public note View the consultation free of charge at www.scotland.gov.uk...
942 ## - ADDED ENTRY ELEMENTS (KOHA)
Suppress in OPAC 0
Holdings
Withdrawn status Lost status Source of classification or shelving scheme Damaged status Not for loan Home library Current library Shelving location Date acquired Total Checkouts Full call number Barcode Date last seen Copy number Price effective from Koha item type
    Dewey Decimal Classification     Virtual Virtual Online 12/10/2009   ONLINE PUBLICATION 148601-2001 06/08/2019 1 06/08/2019 Book